Welcome to WEB OPAC of MRSPTU Central Library

Rete Uppar Lakeeran (ਰੇਤੇ ਉੱਪਰ ਲਕੀਰਾਂ) (Record no. 9945)

MARC details
000 -LEADER
fixed length control field 00419nam a22001577a 4500
003 - CONTROL NUMBER IDENTIFIER
control field OSt
005 - DATE AND TIME OF LATEST TRANSACTION
control field 20240403095028.0
008 - FIXED-LENGTH DATA ELEMENTS--GENERAL INFORMATION
fixed length control field 240403b |||||||| |||| 00| 0 eng d
040 ## - CATALOGING SOURCE
Transcribing agency Central Library MRSPTU
100 ## - MAIN ENTRY--PERSONAL NAME
Personal name B.S Rattan
245 ## - TITLE STATEMENT
Title Rete Uppar Lakeeran (ਰੇਤੇ ਉੱਪਰ ਲਕੀਰਾਂ)
250 ## - EDITION STATEMENT
Remainder of edition statement 2nd
260 ## - PUBLICATION, DISTRIBUTION, ETC.
Place of publication, distribution, etc. Patiala
Name of publisher, distributor, etc. Parteek Publication
Date of publication, distribution, etc. 2009
300 ## - PHYSICAL DESCRIPTION
Extent 104
942 ## - ADDED ENTRY ELEMENTS (KOHA)
Source of classification or shelving scheme Dewey Decimal Classification
Koha item type Book
Suppress in OPAC No
Holdings
Withdrawn status Lost status Source of classification or shelving scheme Damaged status Not for loan Collection Home library Current library Date acquired Total checkouts Barcode Date last seen Date last checked out Price effective from Koha item type
    Dewey Decimal Classification     BK MRSPTU Central Library MRSPTU Central Library 04/03/2024 6 G-110 03/30/2026 03/30/2026 04/03/2024 Book

Website Designed and Developed by MRSPTU Central Library Team

E-mail Id: librarian@mrsptu.ac.in